000 00431nam a2200181Ia 4500
005 20250603145953.0
008 250603s9999 xx 000 0 und d
020 _a9780725857
050 _aJZ 1391 .T67/
100 _aAdegbulu, Femi
245 0 _aTopical issues in international relations
250 _aRev. ed.
260 _aOgun
260 _bBabcock University Press
260 _c2010
650 _aOgun
942 _cBK
999 _c43391
_d43391